[Event "Challenge"]
[Site "http://www.queenalice.com/game.php?id=463534"]
[Date "2008.9.15"]
[Round "-"]
[White "Ryjamo"]
[Black "Tlaloc2k"]
[Result "0-1"]
[WhiteElo "1849"]
[BlackElo "1622"]

1. e4 e5 2. Nf3 Nc6 3. Bb5 Nd4 4. Bc4 Qf6 5. Nxd4 Bc5 6. Qf3 Bxd4 7. Qxf6 Nxf6
8. c3 Bb6 9. O-O Nxe4 10. d3 Nd6 11. Na3 a6 12. Bd5 O-O 13. b3 c6 14. Nc4 Bc7
15. Bf3 Nxc4 16. bxc4 d6 17. Ba3 Bf5 18. Rab1 Bxd3 19. Rxb7 Bxf1 20. Rxc7 Bxc4
21. Rxc6 Rab8 22. Rxd6 Rb1+ 23. Rd1 Rxd1+ 24. Bxd1 Rb8 25. Bc2 Bxa2 26. Kf1 a5
27. Bd6 Re8 28. Ke2 Re6 29. Bc7 Bc4+ 30. Ke3 Rc6 31. Bxe5 Bf1 32. g3 f6 33. Bd4
Kf7 34. f4 g6 35. Ke4 Bh3 36. Kd5 Bg2+ 37. Be4 Bxe4+ 38. Kxe4 Re6+ 39. Kd5 a4
40. g4 a3 41. f5 gxf5 42. gxf5 Re2 43. c4 Rd2 0-1

[Event "Challenge"]
[Site "http://www.queenalice.com/game.php?id=463535"]
[Date "2008.9.15"]
[Round "-"]
[White "Tlaloc2k"]
[Black "Ryjamo"]
[Result "0-1"]
[WhiteElo "1624"]
[BlackElo "1825"]

1. e4 c5 2. c4 g6 3. d3 Nc6 4. Nc3 Bg7 5. Qf3 Nf6 6. Be3 Qb6 7. b3 Nxe4 8. Nxe4
Bxa1 9. Bxc5 Qa5+ 10. Ke2 d6 11. Be3 Ne5 12. Qg3 Qxa2+ 13. Nd2 Qc2 14. Nf3 Bf5
15. Nxe5 Bxe5 16. Bf4 Bxf4 17. Qxf4 Bxd3+ 18. Ke1 Qc1# 0-1

[Event "Challenge"]
[Site "http://www.queenalice.com/game.php?id=464622"]
[Date "2008.9.17"]
[Round "-"]
[White "hoovain"]
[Black "Ryjamo"]
[Result "1-0"]
[WhiteElo "1741"]
[BlackElo "1784"]

1. e4 e5 2. Nf3 Nc6 3. Bc4 Bc5 4. O-O Nf6 5. d3 O-O 6. Bg5 d6 7. Nc3 h6 8. Bh4
Re8 9. h3 Nb4 10. a3 Nc6 11. Nd5 g5 12. Nxg5 hxg5 13. Bxg5 Na5 14. Nxf6+ Kf8 15.
Nh7+ Kg8 16. Bxd8 Kxh7 17. Qh5+ Kg8 18. Qxf7+ Kh8 19. Bf6# 1-0

[Event "AUTO-ADV-1042"]
[Site "http://www.queenalice.com/game.php?id=464767"]
[Date "2008.9.17"]
[Round "1"]
[White "carpe_diem"]
[Black "Ryjamo"]
[Result "1-0"]
[WhiteElo "1819"]
[BlackElo "1843"]

1. d4 d5 2. c4 e6 3. Nc3 Nf6 4. Bg5 Be7 5. e3 Ne4 6. Bxe7 Qxe7 7. Nxe4 dxe4 8.
f3 exf3 9. Nxf3 O-O 10. Bd3 Nc6 11. O-O e5 12. dxe5 Nxe5 13. Nxe5 Qxe5 14. Qd2
Rd8 15. Qe2 Bg4 16. Qxg4 Rxd3 17. Rf3 Rxe3 18. Rff1 Qxb2 19. Qd7 f6 20. Rae1
Rae8 21. Qd5+ Kf8 22. Qc5+ R3e7 23. Rxe7 Rxe7 24. Qxa7 Re4 25. h3 Qd4+ 26. Qxd4
1-0

[Event "AUTO-ADV-1042"]
[Site "http://www.queenalice.com/game.php?id=464783"]
[Date "2008.9.17"]
[Round "1"]
[White "Ryjamo"]
[Black "docb"]
[Result "0-1"]
[WhiteElo "1817"]
[BlackElo "2048"]

1. e4 Nc6 2. d4 d5 3. Nc3 dxe4 4. Nxe4 Qxd4 5. Bd3 Nf6 6. Ne2 Qb4+ 7. N2c3 Nxe4
8. Bxe4 Bd7 9. O-O O-O-O 10. a3 Qd6 11. Qxd6 exd6 12. Nb5 Kb8 13. Be3 a6 0-1

[Event "AUTO-ADV-1042"]
[Site "http://www.queenalice.com/game.php?id=464784"]
[Date "2008.9.17"]
[Round "1"]
[White "docb"]
[Black "Ryjamo"]
[Result "1-0"]
[WhiteElo "2041"]
[BlackElo "1824"]

1. e4 c5 2. Nc3 g6 3. g3 Bg7 4. Bg2 Nf6 5. f4 d6 6. Nf3 O-O 7. O-O Nc6 8. d3 Bg4
9. h3 Bxf3 10. Qxf3 Nb4 11. Qd1 Qb6 12. Be3 Rad8 13. g4 d5 14. Na4 1-0

[Event "AUTO-ADV-1042"]
[Site "http://www.queenalice.com/game.php?id=464785"]
[Date "2008.9.17"]
[Round "1"]
[White "Ryjamo"]
[Black "wolfgang"]
[Result "1-0"]
[WhiteElo "1746"]
[BlackElo "1841"]

1. e4 e5 2. Nf3 Nc6 3. Bc4 Bc5 4. c3 Nf6 5. O-O d6 6. d4 exd4 7. cxd4 Bb6 8. Re1
Bg4 9. e5 Nd7 10. exd6+ Kf8 11. Qb3 Qf6 12. dxc7 Bxf3 13. Qa3+ Ne7 14. Bb5 Bc6
15. Nc3 Bxc7 16. d5 Bxb5 17. Nxb5 Bb6 18. Be3 Kg8 19. Bxb6 Qxb6 20. Rxe7 Qxb5
21. Rae1 h6 22. h3 Kh7 23. Rxf7 Qxd5 24. Ree7 Rhg8 25. Rxd7 Qe5 26. Rxb7 1-0

[Event "AUTO-ADV-1042"]
[Site "http://www.queenalice.com/game.php?id=464786"]
[Date "2008.9.17"]
[Round "1"]
[White "wolfgang"]
[Black "Ryjamo"]
[Result "0-1"]
[WhiteElo "1821"]
[BlackElo "1766"]

1. e4 e5 2. Nf3 Nc6 3. Bc4 Bc5 4. c3 Nf6 5. d4 exd4 6. cxd4 Bb4+ 7. Bd2 Nxe4 8.
Nc3 O-O 9. O-O Qf6 10. Nxe4 Qg6 11. Re1 d6 12. Re3 Bh3 13. Nh4 Qg4 14. Qxg4 Bxg4
15. Rae1 Nxd4 16. Rg3 Bxd2 17. Rf1 Be2 18. Rb1 Bxc4 19. Nxd2 Ne2+ 20. Kh1 Nxg3+
21. fxg3 Bxa2 22. Rf1 b5 23. Ndf3 Be6 24. Ng5 h6 25. Nxe6 fxe6 26. Rg1 c5 0-1

[Event "Challenge"]
[Site "http://www.queenalice.com/game.php?id=465301"]
[Date "2008.9.18"]
[Round "-"]
[White "Ryjamo"]
[Black "hoovain"]
[Result "0-1"]
[WhiteElo "1760"]
[BlackElo "1813"]

1. e4 c6 2. d4 g6 3. Nc3 Bg7 4. Nf3 d5 5. Qe2 Bg4 6. h3 Bxf3 7. Qxf3 Bxd4 8.
exd5 Bg7 9. Bc4 Nf6 10. dxc6 Nxc6 11. O-O O-O 12. Be3 Ne5 13. Qf4 Nh5 14. Qe4
Qc7 15. Nd5 Qxc4 16. Nxe7+ Kh8 17. Qxb7 Qxc2 18. Rfc1 Qa4 19. Rc8 Raxc8 20. Nxc8
Qd7 21. Qxd7 Nxd7 22. g4 Rxc8 23. gxh5 Bxb2 24. Rd1 Rc7 25. h6 Kg8 26. Bc5 Rxc5
27. Rxd7 Rc8 28. Rxa7 Bc1 29. a4 Bxh6 30. Kg2 Bg7 31. a5 Bd4 32. Rd7 Bc5 33. Rd2
Bb4 34. Ra2 Ra8 35. a6 Bc5 36. f4 f5 37. h4 h6 0-1

[Event "AUTO-ADV-1044"]
[Site "http://www.queenalice.com/game.php?id=465597"]
[Date "2008.9.19"]
[Round "1"]
[White "J_Ricardo"]
[Black "Ryjamo"]
[Result "0-1"]
[WhiteElo "1556"]
[BlackElo "1822"]

1. e4 c5 2. d3 g6 3. Nf3 Bg7 4. a3 Nf6 5. Be2 Qa5+ 6. Bd2 Qb6 7. Bc3 Nc6 8. O-O
O-O 9. Nbd2 d5 10. e5 Nh5 11. d4 cxd4 12. Bxd4 Nxd4 13. b4 Nf4 14. c3 Ndxe2+ 15.
Kh1 Nxc3 16. Qe1 Bf5 17. Rc1 Bd3 18. Rg1 Nce2 19. Rc3 Nxc3 20. g3 Nh3 21. Rg2
Be4 22. Nxe4 dxe4 23. Nh4 Rfd8 24. Qxc3 Rd1+ 25. Rg1 Rxg1# 0-1

[Event "AUTO-ADV-1044"]
[Site "http://www.queenalice.com/game.php?id=465598"]
[Date "2008.9.19"]
[Round "1"]
[White "Ryjamo"]
[Black "J_Ricardo"]
[Result "0-1"]
[WhiteElo "1811"]
[BlackElo "1542"]

1. e4 e5 2. Nf3 d6 3. d4 exd4 4. Nxd4 Nf6 5. Nc3 a6 6. Bg5 Be7 7. Qe2 Bg4 8. f3
Bh5 9. O-O-O h6 10. Bf4 Nbd7 11. Nf5 O-O 12. Qe3 b6 13. Bd3 b5 14. e5 dxe5 15.
Bxe5 Bg6 16. Bxc7 Qxc7 17. Nxe7+ Kh8 18. Nxg6+ fxg6 19. Bxg6 Ne5 20. Bf5 Nc4 21.
Qd4 Rad8 22. Qf2 Qf4+ 23. Kb1 Qxf5 24. Rhe1 b4 25. b3 Na3+ 26. Kb2 Rc8 27. g4
Nxg4 28. Qe2 Rce8 29. Qxa6 Qxc2+ 0-1

[Event "AUTO-ADV-1044"]
[Site "http://www.queenalice.com/game.php?id=465607"]
[Date "2008.9.19"]
[Round "1"]
[White "Ryjamo"]
[Black "josecastroman"]
[Result "0-1"]
[WhiteElo "1826"]
[BlackElo "1845"]

1. e4 e5 2. Nf3 Nc6 3. Bb5 Qf6 4. d3 h6 5. b3 Bc5 6. O-O Nge7 7. Bb2 a6 8. Ba4
b5 9. b4 Nxb4 10. c3 Nbc6 11. Bb3 d6 12. h3 g5 13. d4 exd4 14. cxd4 Bb6 15. Qe2
g4 16. hxg4 Bxg4 17. Qd2 Bxf3 18. g3 Rg8 19. d5 Rxg3+ 0-1

[Event "AUTO-ADV-1044"]
[Site "http://www.queenalice.com/game.php?id=465608"]
[Date "2008.9.19"]
[Round "1"]
[White "josecastroman"]
[Black "Ryjamo"]
[Result "1-0"]
[WhiteElo "1919"]
[BlackElo "1786"]

1. e4 c5 2. Nf3 d5 3. exd5 Nf6 4. Nc3 Nxd5 5. Bc4 Be6 6. Nxd5 Bxd5 7. Qe2 e6 8.
d3 Nc6 9. Be3 g6 10. O-O-O Bg7 11. Bxc5 Qa5 12. Bxd5 Qxc5 13. Bb3 Nd4 14. Nxd4
Qxd4 15. c3 Qe5 16. Qxe5 Bxe5 17. g3 Ke7 18. Rhe1 Bc7 19. d4 Kf6 20. Re2 Rad8
21. f4 Rhe8 22. Rde1 a5 23. d5 Rd6 24. c4 g5 25. fxg5+ Kf5 26. Re5+ Kg4 27.
R1e4+ Kf3 28. Rf4+ Kg2 29. Re2+ Kg1 30. Kd1 Red8 31. Ke1 exd5 32. Rf1# 1-0

[Event "Challenge"]
[Site "http://www.queenalice.com/game.php?id=473530"]
[Date "2008.10.6"]
[Round "-"]
[White "FelipeNunes"]
[Black "Ryjamo"]
[Result "0-1"]
[WhiteElo "1820"]
[BlackElo "1827"]

1. e4 c5 2. Nf3 d6 3. Nc3 g6 4. Bc4 Nc6 5. O-O Nf6 6. d4 cxd4 7. Nxd4 Bg7 8. Be3
O-O 9. f3 a6 10. Qd2 e5 11. Nde2 b5 12. Bb3 Re8 13. Bg5 Qb6+ 14. Kh1 a5 0-1

[Event "Challenge"]
[Site "http://www.queenalice.com/game.php?id=540041"]
[Date "2009.2.14"]
[Round "-"]
[White "Sigmund"]
[Black "Ryjamo"]
[Result "1-0"]
[WhiteElo "1794"]
[BlackElo "1775"]

1. e4 e5 2. Nf3 Nc6 3. Nc3 f5 4. Bb5 a6 5. Bxc6 dxc6 6. Nxe5 fxe4 7. O-O c5 8.
Nxe4 Qd4 9. Ng3 Ne7 10. Re1 Bd7 11. d3 g6 12. Bg5 Bg7 13. Nf3 Bg4 14. Rxe7+ Kf8
15. h3 Qd6 16. hxg4 Bf6 17. Bxf6 Qxf6 18. Re5 b6 19. c3 1-0

[Event "Challenge"]
[Site "http://www.queenalice.com/game.php?id=564308"]
[Date "2009.3.31"]
[Round "-"]
[White "hoovain"]
[Black "Ryjamo"]
[Result "1-0"]
[WhiteElo "1841"]
[BlackElo "1794"]

1. e4 e5 2. f4 exf4 3. Nf3 Be7 4. Bc4 Bh4+ 5. g3 fxg3 6. Bxf7+ Kf8 7. hxg3 Bxg3+
8. Kf1 Kxf7 9. Nc3 c6 10. d3 Nf6 11. Bg5 Qb6 12. Qe2 Qxb2 13. Kg2 Qxc3 14. Kxg3
Nh5+ 15. Kh4 h6 16. Kxh5 hxg5+ 17. Kxg5 Qf6+ 18. Kg4 d6+ 19. Kg3 Nd7 20. Rxh8
Qxa1 21. Ng5+ Ke7 22. Qf2 Qe5+ 23. Kh4 Nf6 24. d4 Qa5 25. Qf4 Qe1+ 26. Qg3 Qh1+
27. Nh3 Nxe4 28. Qxg7+ Ke6 29. Qg8+ Kf6 30. Rh6+ Ke7 31. Qg7+ Kd8 32. Rh8# 1-0

[Event "AUTO-ADV-999"]
[Site "http://www.queenalice.com/game.php?id=578675"]
[Date "2009.4.27"]
[Round "2"]
[White "ShahMaster"]
[Black "Ryjamo"]
[Result "1-0"]
[WhiteElo "2034"]
[BlackElo "1780"]

1. d4 d5 2. Bf4 e6 3. Nf3 Bd6 4. e3 Nf6 5. Bd3 c5 6. dxc5 Bxf4 7. exf4 Qa5+ 8.
Qd2 Qxc5 9. O-O O-O 10. Nc3 Bd7 11. Ne5 Nc6 12. Nxd7 Nxd7 13. f5 e5 14. Rad1
Rad8 15. a3 e4 16. Be2 b5 17. b4 Qe7 18. Nxd5 Qe5 19. Bg4 Nf6 20. Nxf6+ Qxf6 21.
Qe3 Rxd1 22. Rxd1 Rd8 23. Qxe4 h6 24. g3 Rd4 25. Rxd4 Qxd4 26. Qxd4 Nxd4 27. c3
Nc2 28. Bd1 Nxa3 29. Be2 a6 30. Bd3 Kf8 31. Kf1 Ke7 32. Ke2 Kf6 33. g4 g6 34.
fxg6 fxg6 35. h4 g5 36. hxg5+ Kxg5 37. Kf3 Kh4 38. Kf4 Kh3 39. f3 Kh4 40. Kf5
1-0

[Event "AUTO-ADV-999"]
[Site "http://www.queenalice.com/game.php?id=578676"]
[Date "2009.4.27"]
[Round "2"]
[White "Ryjamo"]
[Black "ShahMaster"]
[Result "0-1"]
[WhiteElo "1801"]
[BlackElo "2016"]

1. e4 e5 2. b3 Nf6 3. Nc3 Nc6 4. Bc4 Bc5 5. Bb2 d6 6. h3 O-O 7. Nf3 h6 8. Qe2
Nd4 9. Qd3 a6 10. O-O-O Be6 11. Nd5 c6 12. Bxd4 exd4 13. Nf4 Bxc4 14. bxc4 Qa5
15. Rde1 Rae8 16. e5 Nd5 17. cxd5 cxd5 18. Nxd5 Qxa2 19. c3 Qxd5 20. c4 Qc6 21.
Nxd4 Qxg2 22. Rhg1 Qxf2 23. Nf5 g6 24. e6 Rxe6 25. Nxh6+ Kh7 26. Ref1 Qh4 27.
Rxf7+ Rxf7 28. Nxf7 Bxg1 29. Qd5 Qe7 30. Ng5+ Kh6 31. Qxe6 Qxg5 32. Qxd6 Bc5 0-1

[Event "AUTO-ADV-999"]
[Site "http://www.queenalice.com/game.php?id=578683"]
[Date "2009.4.27"]
[Round "2"]
[White "Ryjamo"]
[Black "carlos31"]
[Result "0-1"]
[WhiteElo "1794"]
[BlackElo "1899"]

1. e4 c5 2. Nf3 g6 3. d4 Nc6 4. c3 cxd4 5. Nxd4 Nf6 6. Bc4 Nxe4 7. Qf3 d5 8. Bb5
Bd7 9. Bxc6 bxc6 10. O-O Bg7 11. Be3 O-O 12. Nd2 Bxd4 13. cxd4 Bf5 14. Rfd1 h5
15. Rac1 Rc8 16. h3 Qa5 17. a3 f6 18. Nxe4 Bxe4 19. Qg3 Qb6 20. f3 Bf5 21. Qf4
Qxb2 22. g4 hxg4 23. hxg4 Bc2 24. Qh6 Rf7 25. Re1 Rh7 26. Qf4 g5 27. Qg3 Kf7 28.
Qg2 Rch8 29. Rxc2 Qxc2 30. Qxc2 Rh1+ 31. Kg2 R8h2+ 32. Kg3 Rh3+ 33. Kg2 R1h2+
34. Kf1 Rxc2 35. f4 gxf4 0-1

[Event "AUTO-ADV-999"]
[Site "http://www.queenalice.com/game.php?id=578684"]
[Date "2009.4.27"]
[Round "2"]
[White "carlos31"]
[Black "Ryjamo"]
[Result "0-1"]
[WhiteElo "1879"]
[BlackElo "1774"]

1. d4 d5 2. c4 e6 3. Nf3 Nf6 4. Bg5 Nbd7 5. Ne5 c6 6. e3 Nxe5 7. dxe5 Qa5+ 8.
Qd2 Bb4 9. Nc3 Ne4 10. Qc2 Nxc3 11. a3 Ne4+ 12. Ke2 Nxg5 13. f3 Be7 14. b4 Qc7
15. f4 Ne4 16. Kf3 O-O 17. Bd3 f5 18. exf6 Nxf6 19. g4 e5 20. g5 e4+ 21. Bxe4
Nxe4 22. cxd5 Nxg5+ 23. Ke2 Bf5 24. Qc4 Nf7 25. Rhg1 Nd6 26. Qc1 Rae8 27. Ra2
Ne4 28. Kf3 g5 29. Qc4 Kh8 30. Rd1 gxf4 31. exf4 Bg5 32. fxg5 Nxg5+ 33. Kg2 Be4+
0-1

[Event "Let's Play Chess!"]
[Site "http://www.queenalice.com/game.php?id=824413"]
[Date "2010.8.28"]
[Round "-"]
[White "Xmen"]
[Black "Ryjamo"]
[Result "0-1"]
[WhiteElo "1822"]
[BlackElo "1782"]

1. Nc3 e5 2. Nf3 Nc6 3. d4 Bb4 4. dxe5 f6 5. Bd2 d6 6. exf6 Nxf6 7. a3 Ba5 8. e4
O-O 9. Bc4+ Kh8 10. Bg5 h6 11. b4 Bg4 12. Bxf6 Qxf6 13. h3 Qxc3+ 14. Qd2 Qxa1+
15. Ke2 Bxf3+ 16. gxf3 Qxh1 17. bxa5 Qxf3+ 18. Kf1 Qxh3+ 19. Ke1 Qh1+ 20. Bf1
Qxe4+ 21. Kd1 Nd4 22. Kc1 Rae8 23. Kb2 c5 24. Bd3 Qe5 25. c3 Nf3 26. Qc2 Ne1 27.
Qd1 Nxd3+ 28. Qxd3 Qe2+ 29. Qxe2 Rxe2+ 30. Kb3 b5 31. a6 c4+ 32. Kb4 h5 33. a4
Rc8 34. axb5 h4 35. b6 h3 36. Kb5 h2 37. b7 Rb8 38. Kc6 h1=Q+ 39. Kc7 Ra2 40.
Kxb8 Qc6 41. Kxa7 Rxa6+ 42. Kb8 Rb6 43. f4 Qxb7# 0-1

[Event "Challenge"]
[Site "http://www.queenalice.com/game.php?id=826409"]
[Date "2010.9.1"]
[Round "-"]
[White "Xmen"]
[Black "Ryjamo"]
[Result "1-0"]
[WhiteElo "1856"]
[BlackElo "1800"]

1. d4 Nf6 2. c4 e6 3. Nc3 Bb4 4. Bg5 b6 5. e4 h6 6. Bxf6 Qxf6 7. e5 Qg6 8. Qf3
c6 9. Bd3 f5 10. exf6 Qxf6 11. Qxf6 gxf6 12. O-O-O Bb7 13. Ne4 O-O 14. c5 f5 15.
Nd6 bxc5 16. Nxb7 cxd4 17. a3 Be7 18. Na5 d5 19. Nf3 c5 20. Bb5 Bf6 21. Rhe1 e5
22. Nxe5 1-0